| 000 | 00762nam a2200205 a 4500 | ||
|---|---|---|---|
| 001 | 000039896 | ||
| 005 | 20201002033809.0 | ||
| 008 | 130726s2013 dr 000 0 spa d | ||
| 020 | _a9789945074864 | ||
| 040 |
_aDO-SdBNP _bspa _cBNPHU |
||
| 100 | 1 |
_aLarrazábal Blanco, Carlos _937924 |
|
| 245 | 1 | 0 |
_aEscritos históricos / _cCarlos Larrazábal Blanco ; editora Lillibel Noemí Blanco Fernández. |
| 260 |
_aSanto Domingo : _bArchivo General de la Nación, _c2013. |
||
| 300 |
_av. ; _c24 cm. |
||
| 500 | _aIncluye índice onomástico | ||
| 500 | _aIncluye datos biográficos del autor en las solapas | ||
| 500 | _aIncluye notas al pie de las páginas | ||
| 500 | _aLa biblioteca posee el tomo I | ||
| 700 | 1 |
_aBlanco Fernández, Lillibel Noemí, _eed. _926150 |
|
| 999 |
_c39386 _d39386 |
||